000 00741nam a2200229 a 4500
001 73638
003 BD-RjUL
005 20211209082424.0
008 170606s1961 pk a 000 0 eng d
035 _a(BD-RjUL)73856
040 _aANL
_beng
_cANL
041 _aeng
082 _223
_a338.17
_bRAA 1961
100 1 _aRab, Abdur.
_983271
245 1 0 _aAcreage, production and prices of major agricultural crops of West Pakistan (Punjab) :
_b1931-59 /
_cAbdur Rab.
260 _aKarachi, Pakistan :
_bThe Institute of Development Economics,
_c1961
300 _a73 p. :
_bill. ;
_c25 cm.
490 0 _aStatistical papers
_v1
650 _aAgriculture
_xEconomic aspects
_9217959
830 _aStatistical papers
_v1
_9217961
942 _2ddc
_cBK
999 _c73638
_d73638